Guess the Countries! - Statistics

General Stats
  • This quiz has been taken 28 times
  • The average score is 39 of 45
Answer Stats
Question Tile Select % Correct
Which Country has the highest GDP per Capita No
100%
Which Country has the highest GDP per Capita No
100%
Which Country has the highest GDP per Capita No
100%
Which Country has the highest GDP per Capita No
100%
Which has the highest IQ No
100%
Which has the highest IQ No
100%
Which has the highest IQ No
100%
Which has the highest IQ No
100%
Which Country has the highest GDP per Capita No
96%
Which has the highest IQ No
96%
Which Country sleeps the most No
96%
Which Country is the happiest No
96%
Which Country is the happiest No
96%
Which Country is the happiest No
96%
Which Country is the happiest No
96%
Which Country is the happiest No
96%
Which Country is the happiest No
96%
Which Country is the happiest No
96%
Which has the highest IQ No
91%
Which Country sleeps the most No
91%
Which Country sleeps the most No
91%
Which Country is the happiest No
91%
Which Country is the happiest Yes
91%
Which Country has the most dangerous animals No
91%
Which Country has the most dangerous animals No
91%
Which Country has the most dangerous animals No
91%
Which Country has the most dangerous animals No
91%
Which Country has the most dangerous animals No
91%
Which Country has the highest GDP per Capita No
87%
Which Country has the highest GDP per Capita No
87%
Which Country sleeps the most No
87%
Which Country sleeps the most No
87%
Which Country has the most dangerous animals No
87%
Which has the highest IQ No
83%
Which Country sleeps the most No
83%
Which Country has the most dangerous animals No
83%
Which Country has the most dangerous animals No
83%
Which Country sleeps the most No
78%
Which has the highest IQ No
74%
Which Country sleeps the most No
74%
Which Country has the most dangerous animals Yes
70%
Which Country has the highest GDP per Capita No
65%
Which has the highest IQ Yes
43%
Which Country has the highest GDP per Capita Yes
39%
Which Country sleeps the most Yes
17%
No matching quizzes found
Score Distribution
Percent of People with Each Score
Percentile by Number Answered
Your Score History
You have not taken this quiz